MW Trustees Limited , Robert Posel, Pamela Posel v Telular Corporation (Record no. 83152)
[ view plain ]
| 000 -LEADER | |
|---|---|
| fixed length control field | 01394cad a22002055a 4500 |
| 001 - CONTROL NUMBER | |
| control field | L152967 |
| 008 - FIXED-LENGTH DATA ELEMENTS--GENERAL INFORMATION | |
| fixed length control field | 110518e20110131xxk 000 0 eng d |
| 035 ## - SYSTEM CONTROL NUMBER | |
| System control number | (Sirsi) u152967 |
| 041 0# - LANGUAGE CODE | |
| Language code of text/sound track or separate title | eng |
| 245 00 - TITLE STATEMENT | |
| Title | MW Trustees Limited , Robert Posel, Pamela Posel v Telular Corporation |
| 260 ## - PUBLICATION, DISTRIBUTION, ETC. | |
| Date of publication, distribution, etc. | 2011 |
| 520 ## - SUMMARY, ETC. | |
| Summary, etc. | [2011] EWHC 104 (Ch), 31 January 2011. Considers the validity of a break notice served on the incorrect landlord where the managing agent purported to accept it. Defendant (T) had the option to break its lease with claimant landlord (MW) by giving not less than six months' notice in writing but served the notice on the previous landlord not MW . MW's managing agent accepted the notice in an invalid email form agreeing that T could break the lease. MW argued that the break was not effective. "Held": The notice was valid. The managing agent's reply accepted the notice as valid despite the defective method of service. |
| 590 ## - LOCAL NOTE (RLIN) | |
| Local note | KA |
| 650 24 - SUBJECT ADDED ENTRY--TOPICAL TERM | |
| Topical term or geographic name entry element | MW TRUSTEES LTD AND ORS V TELULAR CORPORATION |
| 650 24 - SUBJECT ADDED ENTRY--TOPICAL TERM | |
| Topical term or geographic name entry element | MANNAI INVESTMENT CO LTD V EAGLE STAR LIFE ASSURANCE CO LTD UK |
| 651 #4 - SUBJECT ADDED ENTRY--GEOGRAPHIC NAME | |
| Geographic name | England and Wales |
| Chronological subdivision | 1543- |
| 690 ## - LOCAL SUBJECT ADDED ENTRY--TOPICAL TERM (OCLC, RLIN) | |
| Topical term or geographic name as entry element | PROPERTY-COMMERCIAL PROPERTY-LEASEHOLD COMMERCIAL PROPERTY-COMMERCIAL LANDLORD AND TENANT-COMMERCIAL LEASES |
| 856 40 - ELECTRONIC LOCATION AND ACCESS | |
| Uniform Resource Identifier | <a href="https://www.bailii.org/ew/cases/EWHC/Ch/2011/104.html">https://www.bailii.org/ew/cases/EWHC/Ch/2011/104.html</a> |
| Public note | View the law report free of charge at www.bailii.org |
| 942 ## - ADDED ENTRY ELEMENTS (KOHA) | |
| Suppress in OPAC | 0 |
| Withdrawn status | Lost status | Source of classification or shelving scheme | Damaged status | Not for loan | Home library | Current library | Shelving location | Date acquired | Total Checkouts | Full call number | Barcode | Date last seen | Copy number | Price effective from | Koha item type |
|---|---|---|---|---|---|---|---|---|---|---|---|---|---|---|---|
| Dewey Decimal Classification | Virtual | Virtual | Online | 18/05/2011 | ONLINE PUBLICATION | 152967-2001 | 06/08/2019 | 1 | 06/08/2019 | Law report |